| 000 | 01172cam a2200325 i 4500 | ||
|---|---|---|---|
| 001 | 18176688 | ||
| 003 | ARRUPE | ||
| 005 | 20150508020005.0 | ||
| 008 | 140604s2014 nyua b 000 0 eng | ||
| 010 | _a 2014412071 | ||
| 020 | _a9780553385663 (pbk.) | ||
| 040 |
_aDLC _beng _erda _cDLC |
||
| 042 | _apcc | ||
| 043 | _ae-gr--- | ||
| 050 | 0 | 0 |
_aCB245 _b.H4286 2010 |
| 082 | 0 | 0 |
_a909/.09821 _223 |
| 100 | 1 |
_aHerman, Arthur, _d1956- _915065 |
|
| 245 | 1 | 4 |
_aThe cave and the light : _bPlato versus Aristotle, and the struggle for the soul of Western civilization / _cArthur Herman. |
| 250 | _aRandom House Trade Paperback edition. | ||
| 260 |
_aNew York _bRandom House Trade Paperbacks _c2010 |
||
| 300 |
_axxiii, 676 pages : _billustrations ; _c21 cm |
||
| 504 | _aIncludes bibliographical references (pages [623]-642) and index. | ||
| 600 | 0 | 0 |
_aPlato _xInfluence. _915066 |
| 600 | 0 | 0 |
_aAristotle _xInfluence. _915067 |
| 650 | 0 |
_aCivilization, Western _xGreek influences. _915068 |
|
| 650 | 0 |
_aPhilosophy, Ancient. _915069 |
|
| 906 |
_a0 _bibc _corignew _d2 _encip _f20 _gy-gencatlg |
||
| 942 |
_2lcc _cMONOGRAPH _04 |
||
| 999 |
_c122027 _d122027 |
||